| 000 | 00552nam a2200217 a 4500 | ||
|---|---|---|---|
| 005 | 20210219153153.0 | ||
| 008 | 991125n 000 0 spa u | ||
| 035 | _aUPN01000081666 | ||
| 100 | 1 | _aOrtega, Félix | |
| 222 | 0 | _aREVISTA DE EDUCACION | |
| 245 | 0 | 4 | _aLas ideologías de la reforma educativa de 1970 |
| 300 | _a31-46 | ||
| 362 | 0 | _a1992 Número extraordinario | |
| 653 | 0 | _aESPAÑA | |
| 653 | 0 | _aLGE | |
| 653 | 0 | _aLOGSE | |
| 653 | 0 | _aREFORMA EDUCATIVA | |
| 653 | 0 | _aSISTEMA EDUCATIVO | |
| 904 |
_aAC _b019477 |
||
| 905 | _aArticulo | ||
| 999 |
_c70080 _d70080 |
||